উত্তর-পূর্ব ভারতের লঙ্গাই অববাহিকা এবং বাণভট্ট : প্রাচীন ইতিহাসের বিস্ময় ! / (Record no. 25857)

MARC details
000 -LEADER
fixed length control field 00888nam a22001817a 4500
003 - CONTROL NUMBER IDENTIFIER
control field BDDh-ASL
005 - DATE AND TIME OF LATEST TRANSACTION
control field 20231015030552.0
008 - FIXED-LENGTH DATA ELEMENTS--GENERAL INFORMATION
fixed length control field 210918s1998 b ||||| |||| 00| 0 b d
040 ## - CATALOGING SOURCE
Original cataloging agency BDDh-ASL
Transcribing agency BDDh-ASL
082 ## - DEWEY DECIMAL CLASSIFICATION NUMBER
Classification number 954.541
Item number BHU
100 1# - MAIN ENTRY--PERSONAL NAME
9 (RLIN) 4440
Personal name ভট্টাচার্য, মানবেন্দ্র
245 10 - TITLE STATEMENT
Title উত্তর-পূর্ব ভারতের লঙ্গাই অববাহিকা এবং বাণভট্ট : প্রাচীন ইতিহাসের বিস্ময় ! /
246 ## - VARYING FORM OF TITLE
Title proper/short title Uttar-purba Bharater Longai Obabahika abong Banbhatta: Prachin itihaser bosmoy. by Manabendra Bhattacharjee.
260 ## - PUBLICATION, DISTRIBUTION, ETC.
Place of publication, distribution, etc. শিলং:
Name of publisher, distributor, etc. মানবেন্দ্র ভট্টাচার্য ,
Date of publication, distribution, etc. ১৯৯৮.
300 ## - PHYSICAL DESCRIPTION
Extent 242 p. :
Dimensions 22 cm.
651 #0 - SUBJECT ADDED ENTRY--GEOGRAPHIC NAME
9 (RLIN) 4438
Geographic name ভারত (India)
General subdivision ইতিহাস
942 ## - ADDED ENTRY ELEMENTS (KOHA)
Source of classification or shelving scheme Dewey Decimal Classification
Koha item type Books
Holdings
Withdrawn status Lost status Source of classification or shelving scheme Damaged status Not for loan Collection code Home library Current library Shelving location Date acquired Source of acquisition Total Checkouts Full call number Barcode Date last seen Copy number Price effective from Koha item type
    Dewey Decimal Classification     Non-fiction Asiatic Society Library Asiatic Society Library General Stacks 09/18/2021 ASB Library Collection   954.541 BHU 111663 09/18/2021 C-1 09/18/2021 Books

Powered by Koha